000 01610cab a22003135a 4500
001 L140555
008 070927e20070921xxk f s 000 0 eng d
035 _a(Sirsi) u140555
041 0 _aeng
100 1 _aJones, Gregory
245 0 0 _aUpdate
_bplanning and environment
260 _c2007
490 _aSolicitors' Journal
_v151(35) 21 September 2007, 1194-1198(3)
520 _aReviews developments in planning law aimed at dealing with noise. Reviews PPG24, which aims to keep noise sensitive developments away from significant noise sources or expected developments such as roads. Housing, hospitals and schools are regarded as noise sensitive. Covers other circulars and policy statements including PPS23. Reports on landmark cases which have tested the strength of such policies. Warns that planning authorities should be able to demonstrate reasonable grounds for failing to follow guidance notes in the event of action being taken against them. Also covers the relationship between planning and licensing law. Case law.
590 _aKA
650 2 4 _aPPG24
650 2 4 _aPLANNING POLICY STATEMENT 23
650 2 4 _aTOWN AND COUNTRY PLANNING ACT 199O
650 2 4 _aDOE CIRCULAR 01/1985
650 2 4 _aCOX SKIPS V FIRST SOS
650 2 4 _aNEWPORT BC V SOS WALES
650 2 4 _aAYLESBURY VALE DC V FLORENT
650 2 4 _aGATESHEAD MBC V SOS ENVIRONMENT
650 2 4 _aLETHEM V SOS TRANSPORT LOCAL GOVERNMENT AND REGIONS
650 2 4 _aR V KENNET DC EX P SOMERFIELD PROPERTY COMPANY LTD AND ANOTHER
651 4 _aUnited Kingdom
_y
690 _aPlanning and development
_96259
942 _n0
999 _c79303
_d79303